<?xml version="1.0" encoding="UTF-8"?>
<record
    xmlns:xsi="http://www.w3.org/2001/XMLSchema-instance"
    xsi:schemaLocation="http://www.loc.gov/MARC21/slim http://www.loc.gov/standards/marcxml/schema/MARC21slim.xsd"
    xmlns="http://www.loc.gov/MARC21/slim">

  <leader>01237naa a2200229 i 4500</leader>
  <controlfield tag="001">BPP</controlfield>
  <controlfield tag="003">KOSZ 005</controlfield>
  <controlfield tag="005">20180509105422.0</controlfield>
  <controlfield tag="008">140910s2012    pl     f     |100 0 pol</controlfield>
  <datafield tag="040" ind1=" " ind2=" ">
    <subfield code="c">BPK</subfield>
  </datafield>
  <datafield tag="080" ind1=" " ind2=" ">
    <subfield code="a">664</subfield>
  </datafield>
  <datafield tag="100" ind1=" " ind2=" ">
    <subfield code="a">DIAKUN, Jaros&#x142;aw.</subfield>
    <subfield code="d">1996 - .</subfield>
    <subfield code="b">Politechnika Koszali&#x144;ska - Wydzia&#x142; Mechaniczny,</subfield>
    <subfield code="c">Katedra Proces&#xF3;w i Urz&#x105;dze&#x144; Przemys&#x142;u Spo&#x17C;ywczego</subfield>
  </datafield>
  <datafield tag="245" ind1=" " ind2=" ">
    <subfield code="a">Liczby kryterialne podobie&#x144;stwa konstrukcyjnego i procesowego kadzi wirowo - osadowej /</subfield>
    <subfield code="c">Jaros&#x142;aw Diakun.</subfield>
  </datafield>
  <datafield tag="260" ind1=" " ind2=" ">
    <subfield code="c">2012.</subfield>
  </datafield>
  <datafield tag="500" ind1=" " ind2=" ">
    <subfield code="a">Dane z autopsji.</subfield>
  </datafield>
  <datafield tag="520" ind1=" " ind2=" ">
    <subfield code="a">W pracy przedstawiono analiz&#x119; konstrukcji i proces&#xF3;w kadzi wirowo - osadowej (Whirlpool) za pomoc&#x105; liczb kryterialnych podobie&#x144;stwa wymiarowego. Celem by&#x142;o opracowanie modelu przeniesienie wynik&#xF3;w bada&#x144; z kadzi laboratoryjnej na konstrukcje przemys&#x142;owe.</subfield>
  </datafield>
  <datafield tag="650" ind1=" " ind2="0">
    <subfield code="a">Przemys&#x142; rolno-spo&#x17C;ywczy.</subfield>
  </datafield>
  <datafield tag="655" ind1=" " ind2="0">
    <subfield code="a">Materia&#x142;y konferencyjne.</subfield>
  </datafield>
  <datafield tag="711" ind1=" " ind2=" ">
    <subfield code="a"> BEMS 2012</subfield>
    <subfield code="n">(15 ;</subfield>
    <subfield code="d">2012 ;</subfield>
    <subfield code="c">Koszalin-Ko&#x142;obrzeg, Polska).</subfield>
    <subfield code="p">BEMS 2012</subfield>
  </datafield>
  <datafield tag="773" ind1=" " ind2=" ">
    <subfield code="i">W :</subfield>
    <subfield code="t">Budowa i eksploatacja maszyn przemys&#x142;u spo&#x17C;ywczego BEMS 2012 : XV Konferencja Naukowo-Techniczna. -</subfield>
    <subfield code="d">Koszalin : Wydawnictwo Uczelniane Politechniki Koszali&#xE4;skiej, 2012. -</subfield>
    <subfield code="g">s. 39</subfield>
  </datafield>
  <datafield tag="942" ind1=" " ind2=" ">
    <subfield code="c">ART</subfield>
    <subfield code="2">UKD</subfield>
  </datafield>
  <datafield tag="999" ind1=" " ind2=" ">
    <subfield code="c">6401</subfield>
    <subfield code="d">6401</subfield>
  </datafield>
  <datafield tag="952" ind1=" " ind2=" ">
    <subfield code="0">0</subfield>
    <subfield code="1">0</subfield>
    <subfield code="4">0</subfield>
    <subfield code="7">0</subfield>
    <subfield code="a">BPK</subfield>
    <subfield code="b">BPK</subfield>
    <subfield code="o">100793</subfield>
    <subfield code="y">ART</subfield>
  </datafield>
</record>
